Responses for show #3142 - Tuesday, April 7, 1998

Contestants

Harmony Jones, a production assistant from Los Angeles, California

Pat Pauken, an attorney and educator from Columbus, Ohio

Chris Weltz, a medical resident from Birmingham, Alabama

Jeopardy! Round responses

TELEVISION
CAUGHT ON TAPE
G IS FOR GRAFTON
WOMEN'S WORK
IT'S NEVER DONE
"CHA" CHA CHA
    $100 3
Family Matters

Harmony
    $100 8
John Gotti

Triple Stumper
    $100 15
(Chris: What is Innocence?)
(Alex: [*], yes. Wait a minute, say it again: did you say [*] or Innocence?)
(Chris: [Looking guilty] I said Innocence.)
(Alex: Innocence?)
(Chris: Yes.)
(Alex: Sorry, that's incorrect; the correct response--)
[Pat rings in, looking none too innocent himself.]
(Alex: --no, sorry, Pat, I gave it--is [*], but thank you for being so honest, Chris. We're going to take our break, and we will praise Chris during the break.)

Innocent

Chris
Triple Stumper
    $100 20
Ginsburg

Pat
    $100 25
fire

Pat
    $100 1
a chapter

Chris
    $200 4
George & Leo

Pat
    $200 9
Rodney King

Chris
    $200 16
Homicide

Harmony
    $200 21
the USA Network

Triple Stumper
    $200 26
an even break

Chris
    $200 2
charcoal

Pat
    $300 5
Mayor Koch

Chris
    $300 10
(Chris: What is Libya?)
(Pat: What is Grenada?)

the Soviet Union (or Russia)

ChrisPat
Triple Stumper
    $300 17
Corpse

Pat
    $200 22
(Margaret) Sanger

Pat
    $300 27
the refrigerator

Pat
    $300 12
a chalice

Chris
    $400 6
Mike Hammer

Harmony
    $400 11
Marion Barry

Harmony
    $400 18
Evidence

Pat
    $400 23
Mary Pickford

Pat
    $400 28
(Harmony: What is pork?)
[The end-of-round signal sounds]

dairy

ChrisHarmony
    $400 13
a chancellor

Pat
    $500 7
Route 66

Harmony
    $500 19
Fugitive

Harmony
    $500 24
(Alex: And we have less than a minute to go, Pat, as you make your next selection.)

Sylvia Porter

Triple Stumper
    $500 14
chard

Triple Stumper

Scores at the first commercial break (after clue 15):

Chris Pat Harmony
$500 $500 $1,400

Scores at the end of the Jeopardy! Round:

Chris Pat Harmony
$1,100 $2,300 $1,700

Double Jeopardy! Round responses

BIBLICAL WRATH & MADNESS
THE FAB (18)50s
THE "BIG" SCREEN
FARAWAY PLACES
NOTORIOUS
HOMOPHONES
    $200 26
(Harmony: Who is God?)

Moses

ChrisHarmony
    $200 11
Lincoln

Pat
    $200 6
Big Top Pee-Wee

Harmony
    $200 16
the Sahara

Pat
    $200 21
(Spiro) Agnew

Pat
    $200 1
pail/pale

Pat
    $400 12
Walden

Harmony
    $400 7
Little Big Man

Pat
    $400 17
Mongolia

Chris
    $400 22
Jesse James

Triple Stumper
    $400 2
flue/flu

Pat
    $600 13
(Pat: What is Morse code?)

telegram

Pat
Triple Stumper
    $600 8
The Big Sleep

Harmony
    $600 18
Nepal

Pat
    $600 23
(Alex: They do have a day for him now: [*]' Day.)

Guy Fawkes

Triple Stumper
    $600 3
lye/lie

Harmony
    $2,500 28
(Chris: Who is Nebuchadnezzar?)

Saul

Chris
    $800 14
Dred Scott

Pat
    $800 9
The Big Red One

Triple Stumper
    $500 19
Chile

Pat
    $800 24
(Chris: Who is Maximillian?)
(Harmony: Who is Pancho Villa?)
...
(Alex: We have about a minute to go in the round.)

Leon Trotsky

ChrisHarmony
Triple Stumper
    $800 4
wry/rye

Harmony
    $1000 27
Jeremiah

Chris
    $1000 15
the Crimean War

Pat
    $1000 10
The Big Green

Pat
    $1000 20
Uzbekistan

Chris
    $1000 25
Joseph Valachi

Triple Stumper
    $1000 5
hall/haul

Triple Stumper

Scores at the end of the Double Jeopardy! Round:

Chris Pat Harmony
$400 $7,200 $3,300
(lock game)

[wagering suggestions for these scores]

Final Jeopardy! Round responses

CHILDREN'S BOOKS & AUTHORS
(Alex: We've got to go, we'll see you tomorrow when Pat comes back to defend for the first time. See ya, folks!)
ChrisWho is Dr. Seuss
$399
HarmonyWho was BAUM?
$3,300
PatWho is C.S. Lewis?
$0
L. Frank Baum (creator of the Wizard of Oz)

Final scores:

Chris Pat Harmony
$1 $7,200 $6,600
3rd place: a Sony Power Cinema stereo/VCR package New champion: $7,200 2nd place: a trip to Mexico City & Ixtapa Zihuatanejo

Game dynamics:

Coryat scores:

Chris Pat Harmony
$2,900 $7,600 $3,300
10 R,
4 W
(including 1 DD)
21 R
(including 2 DDs),
2 W
11 R,
3 W

Combined Coryat: $13,800

The J! Archive is created by fans, for fans. The Jeopardy! game show and all elements thereof, including but not limited to copyright and trademark thereto, are the property of Jeopardy Productions, Inc. and are protected under law. This website is not affiliated with, sponsored by, or operated by Jeopardy Productions, Inc. Join the discussion at JBoard.tv.